Era uma azul tão verde... (Registo nº 3996)

Detalhes MARC
000 -Etiqueta do registo
Cabeçalho 00762nam0a2200277 4500
005 - Identificador da versão
Campo de controlo 20240813122050.0
095 ## -
-- PTBN00406928
010 ## - Número internacional normalizado dos livros (ISBN)
Número (ISBN) 9727010679
021 ## - Número do Depósito Legal
Código do país PT
Número 56181/92
100 ## - Dados gerais de processamento
Dados gerais de processamento 20190204d1992 a y0pory5003 ba
102 ## - Pais de publicação ou produção
País de publicação Portugal
101 0# - Língua de publicação
Língua do texto, banda sonora, etc. Português
106 ## - Campo de dados codificados: material textual
Dados codificados do material textual r
215 ## - Descrição física 
Indicação específica da natureza do documento e extensão da espécie 22, [2] p.
Outras indicações físicas il. color
200 1# - Titulo e menção de responsabilidade
Título próprio Era uma azul tão verde...
Primeira menção de responsabilidade Anabela Mimoso
Outras menções de responsabilidade il. João Caetano
225 1# - Colecção 
Título próprio da colecção Barquinhos de papel
210 ## - Publicação, Distribuição, etc. 
Lugar da edição, distribuição, etc. Coimbra
Nome do editor, distribuidor, etc. Arnado
Data da publicação, distribuição, etc. D.L. 1992
606 ## - Nome comum usado como assunto
Número de registo de entrada de autoridade 0001335
Palavra de ordem Literatura portuguesa
Subdivisão de assunto Conto
Código do sistema CA
675 ## - Classificação Decimal Universal (CDU)
Notação 821.134.3-34
Edição 3ª ed.
Língua da edição por
702 #1 - Nome de autor-pessoa física (responsabilidade secundária)
Número de registo de entrada de autoridade 0000004
Palavra de ordem Caetano
Outra parte do nome não tomada para palavra de ordem João
Código de função Ilustrador / Técnico de desenho computorizado
700 #1 - Nome de autor-pessoa física (responsabilidade principal)
Número de registo de entrada de autoridade 0000469
Palavra de ordem Mimoso
Outra parte do nome não tomada para palavra de ordem Anabela
966 ## - Identificação da Biblioteca
Sigla EBVEN
942 ## - Elementos de entrada adicionados (Koha)
Tipo de item no Koha Livro
Exemplares
Situação do levantamento Origin of item (home branch) (coded) Biblioteca de empréstimo Código de barras Cota Circulation type (not for loan) Tipo de documento Nota do exemplar Damaged status
  Biblioteca Escolar das Vendas Biblioteca Escolar das Vendas BEV373 8POR MIM   Livro Sem mensagem